1099 1604 1559 1189 1445 1777 1999 1589 1160 1245 1520 1992 1206 1511 1019 1149 1708 1247 1484 1120 1643 1504 1839 1378 1790 1776 1367 1526 1984 1659 1025 1122 1561 1000 1807 1976 1016 1089 1572 1856 1090 1672 1398 1031 1235 1385 1499 1994 1878 1105 1115 1132 1560 1988 1690 1494 1474 1237 1364 1254 1959 1860 1146 1517 1848 1708 1704 1094 1062 1396 1926 1532 1057 1271 1038 1020 1164 1455 1733 1334 1596 1543 1882 1563 1720 1697 1851 1044 2000 1329 1842 1036 1230 1316 1464 1544 1692 1359 1725 BCNSPRNW ULIB Ver.6.0+V

เปลี่ยนเป็นภาษาไทย

Change to English
 แสดงรายละเอียดบรรณานุกรม
  กลับหน้าหลัก

Brief Record : Get Marc (ISO 2709) : E-mail record : QR code < ปิดหน้าต่าง
LEADER : 00000nam 2200000uu 4500
001    13399115104
003     ULIB
008    110219s2550||||th 000 0 tha d
099    วจ.WY18.2^bน287ก
100 0  นลินี เกิดประสงค์
245 00 การศึกษาความคิดเห็นของนักศึกษาต่อการเรียนรู้โดยใช้กระบวนเสริมสร้างพลังอำนาจให้ผู้เรียน/^cนลินี เกิดประสงค์
260    นครสวรรค์:^bวิทยาลัยพยาบาลบรมราชชนนี สวรรค์ประชารักษ์,^c2550
300    70 หน้า
650  7 เสริมสร้างพลังอำนาจ^xการเรียนรู้^xวิจัย
710 2  วิทยาลัยพยาบาลบรมราชชนนีสวรรค์ประชารักษ์ นครสวรรค์
945    ^p0^l0^i032143
995    ทศพร
999 ^a ใช้งานได้ทุกระบบ
รายการนี้ยังไม่มีแท็ก
คุณยังไม่ได้ล็อกอิน คุณสามารถมีกิจกรรมร่วมกับเว็บไซต์ได้ แต่ต้องล็อกอินก่อน ::
  ล็อกอิน

รายการสื่อสารสนเทศ

ลำดับที่ ประเภท เลขเรียก/บาร์โค้ด สถานที่ สถานะ
1. งานวิจัย
งานวิจัย
วจ.WY18.2 น287ก ฉ.1 
  Barcode: 032143
ห้องสมุดวิทยาเขตสวรรค์ประชารักษ์
►วิจัย
บนชั้น

รายการใกล้เคียง
    ผู้แต่ง [นลินี เกิดประสงค์]

BibComment


ยังไม่เคยถูกคอมเมนท์

คอมเมนท์ทรัพยากรรายการนี้
  คอมเมนท์: การศึกษาความคิดเห..


 Copyright 2026. Bcnsprnw @Library